| 000 | 00467nam a22001937a 4500 | ||
|---|---|---|---|
| 003 | OSt | ||
| 005 | 20180116183009.0 | ||
| 008 | 150901b xxu||||| |||| 00| 0 eng d | ||
| 020 | _a0 | ||
| 040 | _c0 | ||
| 082 | _a813.54 FOR 1967 | ||
| 100 | _aHilary Ford | ||
| 245 |
_aBella on The Roof _cHilary Ford |
||
| 260 |
_aNew York _bThe Hearst Corporation _c1967 |
||
| 300 |
_a176 p. _bPB |
||
| 440 | _aBella on The Roof | ||
| 600 | _aHilary Ford | ||
| 942 |
_2ddc _cBK |
||
| 999 |
_c350217 _d350217 |
||